Las armas de fuego de Ripoll / por Eduardo Mora Amell
Publicado:
San Jorge, núm. 72 ( 4t trimestre 1968), pàg 44 - 53 :
Materias:
Armes de foc -- Ripoll -- Història
MARC
| LEADER | 00000nam a2200000Ia 4500 | ||
|---|---|---|---|
| 001 | |||
| 008 | 160829s9999 xx 000 0 cat d | ||
| 100 | |a Mora Amell, Eduardo |9 29537 | ||
| 245 | |a Las armas de fuego de Ripoll / por Eduardo Mora Amell | ||
| 260 | |a San Jorge, núm. 72 ( 4t trimestre 1968), pàg 44 - 53 | ||
| 590 | |a Conté 22 fotografies | ||
| 650 | |a Armes de foc |x Ripoll |x Història |9 36774 | ||
| 901 | |a Arxiu | ||
| 942 | |n 1 | ||
| 952 | |0 0 |1 0 |4 0 |7 1 |9 47509 |a Arxiu |b Arxiu |d 2016-12-01 |l 0 |r 2016-12-01 00:00:00 |w 2016-12-01 |y ARXIU | ||
| 999 | |c 51308 |d 51308 | ||